000 00224nam a2200097Ia 4500
008 230915s9999 xx 000 0 und d
050 _aHD 31 .P63 2010
100 _aPOATSY,MARY ANNE
245 0 _aBETTER BUSINESS
942 _cBK
999 _c76455
_d76455